LEADER 01312nam--2200397---450- 001 990002012630203316 005 20111214110724.0 010 $a978-88-6184-038-6 035 $a000201263 035 $aUSA01000201263 035 $a(ALEPH)000201263USA01 035 $a000201263 100 $a20040917d2009----km-y0itay50------ba 101 0 $aita 102 $aIT 105 $ay|||||||001yy 200 1 $a<> significati dell'educazione$eteorie pedagogiche e della formazione contemporanee$fGiorgio Chiosso$gantologia di testi a cura di Carlo Mario Fedeli 210 $aMilano$cMondadori universitą$d2009 215 $aVII, 262 p.$d24 cm 225 2 $a<> saperi dell'educazione 410 0$12001$a<> saperi dell'educazione 606 0 $aEducazione$xTeorie$2BNCF 676 $a370.1 700 1$aCHIOSSO,$bGiorgio$0116023 702 1$aFEDELI,$bCarlo Mario 801 0$aIT$bsalbc$gISBD 912 $a990002012630203316 951 $aII.4. 4020$b234380 L.M.$cII.4.$d00269391 951 $aII.4. 4020 a$b234381 L.M.$cII.4.$d00269392 959 $aBK 969 $aUMA 979 $aACQUISTI$b10$c20040917$lUSA01$h0931 979 $aANNAMARIA$b90$c20111212$lUSA01$h1328 979 $aANNAMARIA$b90$c20111214$lUSA01$h1107 996 $aSignificati dell'educazione$91041333 997 $aUNISA LEADER 00949nas 22003133a 450 001 996336747903316 005 20230222213018.0 011 $a1556-1100 035 $a(OCoLC)60398405 035 $a(CKB)1000000000303137 035 $a(CONSER)--2005214843 035 $a(EXLCZ)991000000000303137 100 $a20050518a20059999 s-- a 101 0 $aeng 135 $aurcnu|||||||| 181 $ctxt$2rdacontent 182 $cc$2rdamedia 183 $acr$2rdacarrier 200 00$aMedicare & reimbursement advisor weekly 210 $a[Marblehead, Mass] $cEPharmaceuticals$d©2005- 300 $aTitle from PDF caption (viewed May 18, 2005). 517 3 $aMedicare and reimbursement advisor weekly 531 $aMEDICARE AND REIMBURSEMENT ADVISOR WEEKLY 608 $aPeriodicals.$2fast 676 $a368.38 906 $aJOURNAL 912 $a996336747903316 996 $aMedicare & reimbursement advisor weekly$92393248 997 $aUNISA